H.P. Lovecraft works Quiz Stats

 Plays Quiz not verified by Sporcle

Challenge
Share
Tweet
Embed
Score 0/62 Timer 10:00
0 Plays Today
Form Title % Correct
Short StoryThe Call of Cthulhu
92.4%
NovellaAt the Mountains of Madness
87.6%
NovellaThe Shadow over Innsmouth
82.9%
Short StoryThe Dunwich Horror
80.7%
Short StoryDagon
77.8%
Short StoryThe Colour out of Space
77.5%
Short StoryThe Rats in the Walls
74.2%
NovelThe Case of Charles Dexter Ward
68.5%
NovellaThe Shadow Out of Time
67.6%
NovellaThe Whisperer in Darkness
62.7%
Short StoryPickman's Model
62.2%
Short StoryThe Dreams in the Witch House
61.8%
NovellaThe Dream-Quest of Unknown Kadath
61.6%
Short StoryThe Cats of Ulthar
61.3%
Short StoryHerbert West – Reanimator
60.7%
Short StoryThe Music of Erich Zann
60%
Short StoryHe
60%
Short StoryNyarlathotep
59.6%
Short StoryThe Thing on the Doorstep
59.1%
Short StoryThe Doom that Came to Sarnath
58.9%
Short StoryThe Statement of Randolph Carter
58.7%
Short StoryThe Horror at Red Hook
58%
Short StoryThe Silver Key
58%
Short StoryThe Terrible Old Man
56%
Short StoryCool Air
55.3%
Short StoryThe Outsider
54.6%
Short StoryThe Tomb
53.3%
Novel fragmentAzathoth
53%
Short StoryThe Hound
50.6%
Short StoryThe Haunter of the Dark
50.1%
Short StoryThe Festival
46.3%
Form Title % Correct
Short StoryThe White Ship
45.8%
Short StoryThe Lurking Fear
44.7%
Short StoryThe Picture in the House
44.3%
Short StoryThe Temple
43.8%
Short StoryBeyond the Wall of Sleep
43.1%
Short StoryCelephais
42.9%
Short StoryThe Shunned House
42.2%
Short StoryFrom Beyond
41.6%
Short StoryFacts Concerning the Late Arthur Jermyn and His Family
41.3%
Short StoryThe Strange High House in the Mist
41.3%
Short StoryPolaris
41.1%
Short StoryThe Nameless City
40.9%
Short StoryThe Unnamable
39.1%
Short StoryThe Moon-Bog
38.4%
Short StoryThe Other Gods
36.4%
Short StoryThe Beast in the Cave
36%
Short StoryIn the Vault
35.7%
Short StoryEx Oblivione
35.1%
Letter ExcerptThe Evil Clergyman
35.1%
Short StoryThe Street
34.4%
Short StoryThe Quest of Iranon
34.4%
Short StoryThe Tree
32.8%
Short StoryThe Transition of Juan Romero
32.4%
Short StoryHypnos
32.4%
Short StoryOld Bugs
31.2%
Short StorySweet Ermengarde
31.2%
Short StoryThe Very Old Folk
27.6%
Short StoryIbid
27.2%
Short StoryMemory
25.6%
Short StoryA Reminiscence of Dr. Samuel Johnson
25.4%
Short StoryWhat the Moon Brings
24.7%

You're not logged in!

Compare scores with friends on all Sporcle quizzes.
Join for Free
OR
Log In

You Might Also Like...

Show Comments

Extras

Top Quizzes Today


Score Distribution

Your Account Isn't Verified!

In order to create a playlist on Sporcle, you need to verify the email address you used during registration. Go to your Sporcle Settings to finish the process.

Report this User

Report this user for behavior that violates our Community Guidelines.

Details: